=LDR 00000nam 2200000 4500 =001 NUTBA000000000003277 =005 20140812153746.0 =006 =007 =008 =020 ##$$a 978-602-19895-0-0 =035 ##$$a 0010-081400000000121 =040 ##$$a NBPDMAT =082 ##$$a 516 =090 ##$$a 516 $b Nur g =100 ##$$a Nurul Aini =245 ##$$a Geometri II / $c Nurul Aini =260 ##$$a Jombang : $b STKIP, $c 2012 =300 ##$$a 79 hlm. ; $c 21 cm. =650 ##$$a Geometri =990 ##$$a 21406577 =990 ##$$a 0001/BPAP-NTB/20142014 =990 ##$$a 0001/BPAP-NTB/20142014 =990 ##$$a 0001/BPAP-NTB/20142014 =990 ##$$a 0001/BPAP-NTB/20142014 =990 ##$$a 0001/BPAP-NTB/20142014